| 000 | 00510cam a2200217ua 4500 | ||
|---|---|---|---|
| 001 | 19897 | ||
| 008 | 151216n2013 II |||gr||||Z||||||eng | ||
| 040 | _aMAIN | ||
| 041 | _aEnglish | ||
| 082 | _a547 MUK | ||
| 100 | _aMUKHERJI, S.M. | ||
| 245 | _aORGANIC CHEMISTRY (Vol-2) | ||
| 250 | _aREP. | ||
| 260 |
_aNEW DELHI _bNEW AGE INTERNATIONAL LTD. _c2013 |
||
| 300 |
_a527: _c24CM. |
||
| 653 | _aOrganic chemistry | ||
| 700 | _aSINGH, S.P. | ||
| 700 | _aKAPOOR, R.P. | ||
| 700 | _aDASS, R. | ||
| 942 | _cBK | ||
| 999 |
_c19759 _d19759 |
||